| 000 | 00751cab a2200229 4500 | ||
|---|---|---|---|
| 001 | ABS58538 | ||
| 008 | 090401t1998 xxu||||| |||| 00| 0 eng d | ||
| 035 | _a(Sirsi) u85631 | ||
| 041 | _aeng | ||
| 100 | _aWelsh, P. | ||
| 245 | _aUnderfloor ventilation remedies | ||
| 260 | _c1998 | ||
| 350 | _a0 | ||
| 490 |
_aEnvironmental radon newsletter _v(14) Spring 1998, 3(1) |
||
| 520 | _aA brief look at underfloor ventilation remedies for timber floored dwellings, especially for houses with a high radon level. Discusses results from a BRE investigation. | ||
| 650 | _aRADON | ||
| 650 | _aTIMBER FLOORS | ||
| 650 | _aUNDERFLOOR VENTILATION | ||
| 690 | _aBUILDING AND CONSTRUCTION-REPAIRS AND MAINTENANCE | ||
| 942 | _n0 | ||
| 948 | _c16/04/1998 | ||
| 999 |
_c53854 _d53854 |
||